00698nam a2200241 a 4500001001300000003000900013005001700022008004100039020001200080082001500092100001900107245002500126260005800151300000800209500003500217505001000252650001800262700001900280902000800299942000700307952012700314999001500441nice12345678IN_TiNIC20260116012116.0050524s1958 lona grp 000 0 eng  ac124.800a270.8bNEL aNelson, Robert aOne Lord, One Church aLondonbUnited Society for Christian Literaturec1958 a95p aincludes index and biblioraphy2 aIndex aEcumenicalism1 aNelson, Robert bSRS cBK 001040708StackRoom-aHMIbHMId2007-07-17g124.80l2o270.8 NELp08367r2023-01-31s2022-11-29v124.80w2005-05-24yBK c5672d5672